Quels sont les 20 plus grands joueurs du XXè siècle (selon l'IFFHS) ? - Statistiques

Statistiques générales
  • Ce quiz a été pris 112 fois
  • Le résultat moyen est 8 sur 20
Statistiques - réponses
Rang Joueurs % Correct
5 Diego Maradona
98%
1 Pelé
98%
7 Michel Platini
78%
12 Marco Van Basten
56%
4 Alfredo Di Stefano
52%
2 Johann Cruyff
45%
8 Garrincha
44%
3 Franz Beckenbauer
43%
9 Eusebio
38%
16 George Best
37%
10 Bobby Charlton
35%
14 Zico
34%
13 Gerd Muller
32%
6 Ferenc Puskas
26%
18 Rudd Gullit
19%
15 Lothar Matthaus
14%
11 Stanley Matthews
9%
20 Gianni Rivera
8%
19 Didi
6%
17 Juan Alberto Schiaffino
0%
Aucun quiz correspondant
Distribution des résultats
% des personnes avec chaque résultat
Percentile par nombre de réponses
Votre historique - résultats
Vous n’avez pas pris ce quiz